[Event "Albena BUL, Team Ch 2011 GrA Women"]
[Site "Albena BUL"]
[Date "2011.06.03"]
[Round "2.1"]
[White "Tsekova, Viktoria"]
[Black "Yordanova, Svetla"]
[Result "1/2-1/2"]
[WhiteElo "1845"]
[BlackElo "2137"]
[PlyCount "67"]
[EventDate "2011.06.02"]
[EventType "team"]
[EventRounds "7"]
[EventCountry "BUL"]

1. Nf3 d5 2. g3 Nf6 3. Bg2 e6 4. O-O Be7 5. d4 O-O 6. c4 dxc4 7. Ne5 Nc6 8.
Bxc6 bxc6 9. Nxc6 Qe8 10. Nxe7+ Qxe7 11. Qa4 a5 12. Qxc4 Ba6 13. Qc2 Rfd8 14.
Rd1 c5 15. dxc5 Rxd1+ 16. Qxd1 Qxc5 17. Be3 Qb5 18. Qd2 Qxe2 19. Qxe2 Bxe2 20.
Kg2 Ng4 21. Nc3 Ba6 22. h3 Bb7+ 23. Kf1 Nh2+ 24. Ke2 Rb8 25. b3 Ba6+ 26. Kd2
Rc8 27. Kc2 Nf3 28. Rd1 h5 29. Bb6 a4 30. Rd8+ Rxd8 31. Bxd8 axb3+ 32. axb3
Nd4+ 33. Kb2 e5 34. Bc7 1/2-1/2

[Event "Albena BUL, Team Ch 2011 GrA Women"]
[Site "Albena BUL"]
[Date "2011.06.03"]
[Round "2.1"]
[White "Genova, Ruzka"]
[Black "Kantardzhieva, Toni"]
[Result "1-0"]
[WhiteElo "2204"]
[BlackElo "1939"]
[PlyCount "123"]
[EventDate "2011.06.02"]
[EventType "team"]
[EventRounds "7"]
[EventCountry "BUL"]

1. d4 d5 2. Nf3 Nf6 3. c4 e6 4. Nc3 b6 5. cxd5 exd5 6. Bg5 Be7 7. e3 O-O 8. Bd3
Bb7 9. O-O Nbd7 10. Rc1 Ne4 11. Bf4 c5 12. dxc5 Ndxc5 13. Be2 Rc8 14. Nb5 a6
15. Nbd4 Bd6 16. Bg3 Nxg3 17. hxg3 Qd7 18. Nd2 Rfe8 19. Bg4 Ne6 20. N2f3 g6 21.
Rxc8 Rxc8 22. Nxe6 fxe6 23. Ng5 Re8 24. e4 Bc5 25. Qd2 d4 26. Rd1 Qd6 27. b4
Bxb4 28. Qxd4 Qxd4 29. Rxd4 Bc5 30. Rd7 Bc8 31. Rc7 Be7 32. Rxc8 Rxc8 33. Bxe6+
Kg7 34. Bxc8 Bxg5 35. Bxa6 Be7 36. f4 Bc5+ 37. Kf1 Kf6 38. Ke2 Ke6 39. Kf3 h5
40. Bc4+ Ke7 41. e5 Bb4 42. Ba6 Be1 43. Bc8 Kf7 44. g4 hxg4+ 45. Kxg4 Bc3 46.
Ba6 Kg7 47. Bd3 Bb4 48. Kf3 Kf7 49. Bc4+ Kg7 50. Ke4 Bd2 51. g4 Kf8 52. f5
gxf5+ 53. gxf5 Kg7 54. f6+ Kg6 55. Bb5 Bb4 56. Be8+ Kg5 57. Kd5 Kf5 58. Bd7+
Kg6 59. Ke6 Bc3 60. Be8+ Kh7 61. Bf7 Kh6 62. Kf5 1-0

[Event "Albena BUL, Team Ch 2011 GrA Women"]
[Site "Albena BUL"]
[Date "2011.06.03"]
[Round "2.2"]
[White "Baninska, Tanja"]
[Black "Draganova, Petranka"]
[Result "1/2-1/2"]
[WhiteElo "2096"]
[BlackElo "2007"]
[PlyCount "68"]
[EventDate "2011.06.02"]
[EventType "team"]
[EventRounds "7"]
[EventCountry "BUL"]

1. Nf3 d5 2. g3 c6 3. Bg2 Nf6 4. d3 Nbd7 5. Nbd2 e5 6. e4 Bc5 7. O-O dxe4 8.
Nxe4 Nxe4 9. dxe4 O-O 10. b3 Re8 11. Bb2 f6 12. Qe2 Qe7 13. Rad1 Nf8 14. h3 Be6
15. Rd2 Rad8 16. Rfd1 Bb6 17. Bf1 Rxd2 18. Nxd2 Rd8 19. Nc4 Bc5 20. Rxd8 Qxd8
21. Qd2 Qc8 22. Kh2 b5 23. Ne3 Qd7 24. Qxd7 Bxd7 25. Nd1 Ne6 26. c3 a5 27. h4
Kf7 28. Bh3 Ke7 29. Kg2 Be8 30. Kf3 Bh5+ 31. Bg4 Bxg4+ 32. Kxg4 g6 33. f4 h5+
34. Kf3 Bd6 1/2-1/2

[Event "Albena BUL, Team Ch 2011 GrA Women"]
[Site "Albena BUL"]
[Date "2011.06.03"]
[Round "2.3"]
[White "Zaiatz, Elena"]
[Black "Tsvetkova, Svetlana"]
[Result "1-0"]
[WhiteElo "2430"]
[BlackElo "1860"]
[PlyCount "75"]
[EventDate "2011.06.02"]
[EventType "team"]
[EventRounds "7"]
[EventCountry "BUL"]

1. d4 d5 2. c4 e6 3. Nc3 Nf6 4. cxd5 exd5 5. Bg5 Be7 6. e3 c6 7. Qc2 Nbd7 8.
Nf3 O-O 9. Bd3 Re8 10. O-O Nf8 11. h3 Ng6 12. Ne5 Ne4 13. Bxe7 Qxe7 14. Nxe4
Nxe5 15. dxe5 dxe4 16. Bxe4 Qxe5 17. Bxh7+ Kh8 18. Bd3 Be6 19. Rad1 Rad8 20.
Rfe1 Rd7 21. f4 Qa5 22. b3 Red8 23. Rf1 Qb6 24. Qe2 g6 25. Kh1 Qc5 26. e4 Qc3
27. Rf3 a5 28. f5 gxf5 29. exf5 Bd5 30. Re3 Rg8 31. Qh5+ Kg7 32. Rg3+ Kf8 33.
Qh6+ Rg7 34. Qh8+ Ke7 35. Qxg7 Qxg7 36. Rxg7 Kf6 37. Rg4 b5 38. Kh2 1-0

[Event "Albena BUL, Team Ch 2011 GrA Women"]
[Site "Albena BUL"]
[Date "2011.06.03"]
[Round "2.3"]
[White "Petkova, Veneta"]
[Black "Gocheva, Rumiana"]
[Result "1/2-1/2"]
[WhiteElo "1985"]
[BlackElo "2141"]
[PlyCount "90"]
[EventDate "2011.06.02"]
[EventType "team"]
[EventRounds "7"]
[EventCountry "BUL"]

1. e4 c5 2. Nf3 Nc6 3. d4 cxd4 4. Nxd4 Nf6 5. Nc3 d6 6. Nd5 Nxd5 7. exd5 Qa5+
8. Bd2 Qxd5 9. Nb5 Qe6+ 10. Be2 Qd7 11. c4 a6 12. Nc3 Rb8 13. Be3 e6 14. Na4
Be7 15. Nb6 Qd8 16. O-O O-O 17. Qd2 Ne5 18. Rad1 Nd7 19. Qa5 Qc7 20. b4 Bd8 21.
Nxd7 Bxd7 22. Qxc7 Bxc7 23. Bf4 Ba4 24. Rd2 e5 25. Be3 Bc6 26. b5 axb5 27. cxb5
Bd7 28. b6 Bd8 29. Rxd6 Be6 30. a4 Be7 31. Rd2 f5 32. f4 e4 33. Rc2 Rfc8 34.
Rfc1 Rxc2 35. Rxc2 Bd6 36. a5 Kf7 37. g3 Rc8 38. Rxc8 Bxc8 39. Bc4+ Be6 40. Bb5
Bd5 41. a6 bxa6 42. Bxa6 Ke7 43. Bd4 Kd7 44. Bxg7 Bc5+ 45. Kf1 Bxb6 1/2-1/2

[Event "Albena BUL, Team Ch 2011 GrA Women"]
[Site "Albena BUL"]
[Date "2011.06.03"]
[Round "2.3"]
[White "Savova, Stefka"]
[Black "Shtereva, Slaveja"]
[Result "1-0"]
[WhiteElo "2091"]
[BlackElo "2095"]
[PlyCount "77"]
[EventDate "2011.06.02"]
[EventType "team"]
[EventRounds "7"]
[EventCountry "BUL"]

1. e4 c5 2. Nf3 d6 3. d4 cxd4 4. Nxd4 Nf6 5. Nc3 a6 6. Bg5 e6 7. f4 Nbd7 8. Qf3
Qc7 9. O-O-O b5 10. Bd3 b4 11. Nd5 exd5 12. exd5 Bb7 13. Rhe1+ Kd8 14. Nc6+
Bxc6 15. dxc6 Nc5 16. Bxf6+ gxf6 17. Bf5 Bh6 18. g3 Re8 19. Qd5 Rxe1 20. Rxe1
Rb8 21. Qd4 Qxc6 22. Qxf6+ Kc7 23. Qxh6 Qd5 24. Rd1 Qxf5 25. Qxd6+ Kb7 26. Rd5
Qe4 27. Qxc5 Qe1+ 28. Rd1 Qe6 29. Qd5+ Qxd5 30. Rxd5 Kc6 31. Rh5 Rh8 32. b3 h6
33. Kb2 Kd6 34. a3 bxa3+ 35. Kxa3 Ke6 36. Rc5 Kd6 37. b4 Re8 38. Ra5 Ra8 39. b5
1-0

[Event "Albena BUL, Team Ch 2011 GrA Women"]
[Site "Albena BUL"]
[Date "2011.06.03"]
[Round "2.3"]
[White "Andreeva, Plamena"]
[Black "Galunova, Tsveta"]
[Result "1/2-1/2"]
[WhiteElo "2093"]
[BlackElo "1943"]
[PlyCount "124"]
[EventDate "2011.06.02"]
[EventType "team"]
[EventRounds "7"]
[EventCountry "BUL"]

1. e4 e5 2. Nf3 Nc6 3. Bc4 Bc5 4. c3 Bb6 5. d4 Qe7 6. d5 Nb8 7. Qe2 Nf6 8. Bg5
d6 9. h3 Nbd7 10. Nbd2 h6 11. Bh4 a6 12. O-O Nf8 13. Kh1 g5 14. Bg3 Ng6 15. Bb3
g4 16. hxg4 h5 17. g5 h4 18. Bh2 Nh5 19. Nc4 Ba7 20. Ne3 Ngf4 21. Qd2 Bd7 22.
Kg1 O-O-O 23. Nf5 Bxf5 24. exf5 Ng3 25. Rfe1 Qd7 26. Bc2 Qb5 27. a4 Qc4 28. b3
Nfe2+ 29. Rxe2 Qxe2 30. Qxe2 Nxe2+ 31. Kf1 Nxc3 32. Nxe5 dxe5 33. Bxe5 Nxd5 34.
Bxh8 Rxh8 35. Rd1 c6 36. Be4 Nc3 37. Re1 Nxe4 38. Rxe4 Kd7 39. f3 Rh5 40. f6
Bc5 41. f4 h3 42. gxh3 Rxh3 43. b4 Bd6 44. Kg2 Rb3 45. f5 Rxb4 46. Kf3 Rb3+ 47.
Kg4 Rg3+ 48. Kh5 Rh3+ 49. Kg4 Rg3+ 50. Kh4 Rf3 51. Kg4 Rf1 52. g6 fxg6 53. fxg6
Rxf6 54. Kg5 Rf8 55. g7 Rc8 56. Kf6 Ba3 57. Kf7 c5 58. Re7+ Kc6 59. Re8 Rc7+
60. Re7 Rc8 61. Re8 Rc7+ 62. Re7 Rc8 1/2-1/2

[Event "Albena BUL, Team Ch 2011 GrA Women"]
[Site "Albena BUL"]
[Date "2011.06.03"]
[Round "2.4"]
[White "Raeva, Elitsa"]
[Black "Videnova, Iva"]
[Result "1-0"]
[WhiteElo "2322"]
[BlackElo "2345"]
[PlyCount "153"]
[EventDate "2011.06.02"]
[EventType "team"]
[EventRounds "7"]
[EventCountry "BUL"]

1. a3 e5 2. e3 d5 3. d4 e4 4. c4 c6 5. Nc3 Nf6 6. Qb3 Be7 7. Nge2 dxc4 8. Qxc4
Be6 9. Qa4 O-O 10. Ng3 Qb6 11. b4 a5 12. b5 Bd5 13. Qc2 cxb5 14. Bxb5 Bc6 15.
Be2 Na6 16. O-O Rfc8 17. Qd2 g6 18. Rb1 Qc7 19. Bb2 h5 20. d5 Rd8 21. Ngxe4
Nxe4 22. Nxe4 Bxd5 23. Qd4 f6 24. Nxf6+ Bxf6 25. Qxf6 Kh7 26. Bd3 Qf7 27. Qg5
Bf3 28. Bxa6 Rd5 29. Qf6 Qxf6 30. Bxf6 Rxa6 31. Rxb7+ Kg8 32. gxf3 Rxf6 33. Rc1
Rg5+ 34. Kf1 Rxf3 35. Rc8+ Rf8 36. Rc6 h4 37. h3 Rf7 38. Rc8+ Kg7 39. Rxf7+
Kxf7 40. Rh8 Rb5 41. Rxh4 Kf6 42. Rc4 Rb3 43. Ra4 Rb5 44. Ke2 Ke6 45. Rg4 Kf5
46. Kf3 Rb3 47. Rf4+ Ke6 48. Ra4 Rb5 49. h4 Kf6 50. Rf4+ Kg7 51. Rd4 Kf6 52.
Rd6+ Kg7 53. Ra6 Kh6 54. Kg4 Rc5 55. f4 Kg7 56. e4 Rc1 57. Rxa5 Rg1+ 58. Kf3
Rf1+ 59. Ke3 Rh1 60. Ra7+ Kf6 61. Ra6+ Kf7 62. a4 Rh3+ 63. Kd4 Rxh4 64. Ke5
Rh5+ 65. f5 gxf5 66. exf5 Rh1 67. Ra7+ Kf8 68. a5 Rb1 69. Kf6 Kg8 70. Ra8+ Kh7
71. a6 Rc1 72. a7 Ra1 73. Re8 Ra6+ 74. Re6 Ra1 75. Re7+ Kh6 76. Kf7 Kh7 77.
Ke8+ 1-0

[Event "Albena BUL, Team Ch 2011 GrA Women"]
[Site "Albena BUL"]
[Date "2011.06.03"]
[Round "2.4"]
[White "Nikolova, Adriana"]
[Black "Djingarova, Emilia"]
[Result "1/2-1/2"]
[WhiteElo "2333"]
[BlackElo "2348"]
[PlyCount "66"]
[EventDate "2011.06.02"]
[EventType "team"]
[EventRounds "7"]
[EventCountry "BUL"]

1. e4 c6 2. d4 d5 3. exd5 cxd5 4. c3 Nc6 5. Bd3 Qc7 6. Qb3 Nxd4 7. Qxd5 Nc6 8.
Ne2 Nf6 9. Qb3 Be6 10. Bc4 Bxc4 11. Qxc4 e6 12. Bf4 Bd6 13. Na3 Bxf4 14. Qxf4
Qxf4 15. Nxf4 O-O-O 16. Ke2 e5 17. Nh3 h6 18. Rad1 Nd5 19. Rd2 Rd7 20. Rhd1
Rhd8 21. Nc4 f5 22. Ne3 Nxe3 23. Kxe3 g5 24. f3 Rxd2 25. Rxd2 Rxd2 26. Kxd2 Kd7
27. g4 Ke6 28. Nf2 Ne7 29. a4 Nd5 30. a5 b6 31. axb6 axb6 32. Nd1 fxg4 33. fxg4
Nf6 1/2-1/2

[Event "Albena BUL, Team Ch 2011 GrA Women"]
[Site "Albena BUL"]
[Date "2011.06.03"]
[Round "2.4"]
[White "Velcheva, Maria"]
[Black "Sirkova, Darena"]
[Result "1/2-1/2"]
[WhiteElo "2289"]
[BlackElo "2054"]
[PlyCount "62"]
[EventDate "2011.06.02"]
[EventType "team"]
[EventRounds "7"]
[EventCountry "BUL"]

1. e4 c5 2. Nf3 e6 3. d4 cxd4 4. Nxd4 Nc6 5. Nc3 Qc7 6. Be3 a6 7. Be2 Nf6 8.
O-O Bb4 9. Na4 Be7 10. Nxc6 bxc6 11. Nb6 Rb8 12. Nxc8 Qxc8 13. Bd4 c5 14. Be5
Rb6 15. Qd3 O-O 16. c4 Rd8 17. Bf3 d6 18. Bc3 Rb8 19. g3 Nd7 20. Bg2 Ne5 21.
Qe2 Nc6 22. Rad1 e5 23. Rd2 a5 24. Rfd1 a4 25. f4 Nd4 26. Bxd4 cxd4 27. Rc2 Rb4
28. Bf1 Qb7 29. Qg2 Rb8 30. Rdd2 Kh8 31. Bd3 Rc8 1/2-1/2

[Event "Albena BUL, Team Ch 2011 GrA Women"]
[Site "Albena BUL"]
[Date "2011.06.03"]
[Round "2.4"]
[White "Janeva, Mariya"]
[Black "Olarasu, Gabriela"]
[Result "0-1"]
[WhiteElo "2020"]
[BlackElo "2266"]
[PlyCount "58"]
[EventDate "2011.06.02"]
[EventType "team"]
[EventRounds "7"]
[EventCountry "BUL"]

1. e4 e5 2. Nf3 Nc6 3. Bb5 a6 4. Ba4 Nf6 5. O-O b5 6. Bb3 Bb7 7. Re1 Bc5 8. c3
d6 9. h3 h6 10. d3 O-O 11. Nbd2 Re8 12. Nf1 Qd7 13. Ng3 d5 14. d4 exd4 15. e5
Nh7 16. cxd4 Bf8 17. Bf4 Nd8 18. Bc2 Ne6 19. Qd3 g6 20. Be3 c5 21. Qd2 Nhg5 22.
Nxg5 hxg5 23. dxc5 Qd8 24. Rac1 d4 25. Bxg5 Qxg5 26. Qb4 Bxc5 27. Qb3 d3 28.
Qxd3 Nf4 29. Qd7 Qxg3 0-1

[Event "Albena BUL, Team Ch 2011 GrA Women"]
[Site "Albena BUL"]
[Date "2011.06.04"]
[Round "3.1"]
[White "Videnova, Iva"]
[Black "Georgieva, Marina"]
[Result "1-0"]
[WhiteElo "2345"]
[BlackElo "1741"]
[PlyCount "57"]
[EventDate "2011.06.02"]
[EventType "team"]
[EventRounds "7"]
[EventCountry "BUL"]

1. e4 e6 2. d4 d5 3. Nc3 Nf6 4. e5 Nfd7 5. f4 c5 6. Nf3 Nc6 7. Be3 cxd4 8. Nxd4
Bc5 9. Qd2 Nxd4 10. Bxd4 Bxd4 11. Qxd4 a6 12. O-O-O O-O 13. h4 Nb8 14. h5 Nc6
15. Qd2 f6 16. exf6 Qxf6 17. g3 Ne7 18. Bh3 Nf5 19. Bxf5 Qxf5 20. h6 g6 21.
Rde1 Qf7 22. Qd4 Bd7 23. Re5 Rae8 24. Rhe1 Bc6 25. Rxe6 Rxe6 26. Rxe6 Rd8 27.
Ne4 Bd7 28. Nf6+ Kf8 29. Qc5+ 1-0

[Event "Albena BUL, Team Ch 2011 GrA Women"]
[Site "Albena BUL"]
[Date "2011.06.04"]
[Round "3.1"]
[White "Ivanova, Simoneta"]
[Black "Nikolova, Adriana"]
[Result "0-1"]
[WhiteElo "1907"]
[BlackElo "2333"]
[PlyCount "162"]
[EventDate "2011.06.02"]
[EventType "team"]
[EventRounds "7"]
[EventCountry "BUL"]

1. d4 Nf6 2. c4 e6 3. Nc3 Bb4 4. e3 b6 5. Bd3 Bb7 6. Nf3 O-O 7. O-O h6 8. a3
Bxc3 9. bxc3 d6 10. Nd2 e5 11. e4 Nc6 12. Bb2 Re8 13. Re1 Ne7 14. Qc2 Ng6 15.
g3 Bc8 16. Nf1 h5 17. Ne3 h4 18. Nf5 Kh7 19. Rad1 Rh8 20. Bc1 Nd7 21. Be3 Ndf8
22. Bf1 Kg8 23. c5 exd4 24. cxd4 bxc5 25. dxc5 hxg3 26. hxg3 Ne5 27. Bg2 g6 28.
Bd4 Qf6 29. Bxe5 dxe5 30. Ne3 Ne6 31. Nd5 Qg5 32. Qc1 Qxc1 33. Rxc1 Ba6 34.
Red1 Be2 35. Re1 Bb5 36. Bf1 Bxf1 37. Rxf1 Nd4 38. Kg2 c6 39. Nb4 Kg7 40. Rfd1
Rad8 41. Rb1 Rhe8 42. Rd2 Re6 43. Rbd1 Rh8 44. Nd3 Nb5 45. Ra1 Rd8 46. f3 Rd4
47. Kf2 Re8 48. Ke3 Red8 49. Raa2 f6 50. Nb4 Rxd2 51. Rxd2 Rxd2 52. Kxd2 Nd4
53. f4 Kf7 54. Nd3 Ke6 55. a4 exf4 56. gxf4 f5 57. Ke3 fxe4 58. Kxe4 Nb3 59.
Ne5 Nxc5+ 60. Kd4 Nxa4 61. Nxc6 Kf5 62. Ne5 Nb6 63. Nd3 Nd7 64. Kd5 Nf6+ 65.
Kc6 Nh5 66. Ne5 Nxf4 67. Nxg6 Nxg6 68. Kb5 Ne7 69. Ka6 Nc6 70. Kb5 a5 71. Ka4
Ke5 72. Kb5 Kd5 73. Ka4 Kc4 74. Ka3 Kb5 75. Kb3 a4+ 76. Ka3 Ne5 77. Ka2 Kb4 78.
Kb2 a3+ 79. Ka2 Nc4 80. Ka1 Kb3 81. Kb1 Ne3 0-1

[Event "Albena BUL, Team Ch 2011 GrA Women"]
[Site "Albena BUL"]
[Date "2011.06.04"]
[Round "3.1"]
[White "Sirkova, Darena"]
[Black "Tsekova, Viktoria"]
[Result "0-1"]
[WhiteElo "2054"]
[BlackElo "1845"]
[PlyCount "57"]
[EventDate "2011.06.02"]
[EventType "team"]
[EventRounds "7"]
[EventCountry "BUL"]

1. e4 e6 2. d3 d5 3. Nd2 Nf6 4. g3 Be7 5. Bg2 c5 6. Ngf3 Nc6 7. O-O Qc7 8. Re1
b6 9. exd5 exd5 10. d4 O-O 11. Nf1 Bg4 12. c3 cxd4 13. cxd4 Nb4 14. Ne3 Rac8
15. a3 Nc6 16. Nxg4 Nxg4 17. Bh3 f5 18. Bxg4 fxg4 19. Ne5 Nxe5 20. dxe5 d4 21.
Qxg4 Qc2 22. Bf4 Bc5 23. b4 d3 24. bxc5 d2 25. Red1 Rcd8 26. cxb6 axb6 27. Qe6+
Kh8 28. Qxb6 Rb8 29. Qe3 0-1

[Event "Albena BUL, Team Ch 2011 GrA Women"]
[Site "Albena BUL"]
[Date "2011.06.04"]
[Round "3.1"]
[White "Kantardzhieva, Toni"]
[Black "Janeva, Mariya"]
[Result "1-0"]
[WhiteElo "1939"]
[BlackElo "2020"]
[PlyCount "125"]
[EventDate "2011.06.02"]
[EventType "team"]
[EventRounds "7"]
[EventCountry "BUL"]

1. d4 Nf6 2. Nf3 e6 3. e3 b6 4. Bd3 Bb7 5. O-O Be7 6. b3 O-O 7. Bb2 Ne4 8. Nbd2
f5 9. c4 d6 10. Qc2 Nxd2 11. Nxd2 Nd7 12. e4 g6 13. f4 Nf6 14. Rae1 Qd7 15. Re2
Rae8 16. Rfe1 Nh5 17. g3 Bf6 18. d5 Bxb2 19. Qxb2 exd5 20. exd5 Rxe2 21. Rxe2
Re8 22. Nf3 Re7 23. Ng5 Ng7 24. Qf6 Rxe2 25. Bxe2 Bc8 26. Kf2 Qe8 27. h3 h6 28.
Nf3 Nh5 29. Qb2 Qe7 30. Nd4 Bd7 31. Bxh5 gxh5 32. Qe2 Qf6 33. Qe3 h4 34. gxh4
Qxh4+ 35. Qg3+ Qxg3+ 36. Kxg3 Kf7 37. Kh4 a6 38. Kh5 Kg7 39. a3 Be8+ 40. Kh4
Bd7 41. Kg3 Kf6 42. Kf3 Be8 43. Ne6 Bh5+ 44. Ke3 Bd1 45. b4 Bb3 46. Kd3 b5 47.
cxb5 Bxd5 48. Nxc7 Be4+ 49. Kd4 axb5 50. Nxb5 Ke6 51. a4 Bc6 52. Nc3 Bg2 53. h4
Kf6 54. b5 Kg6 55. b6 Kh5 56. Nd5 Bxd5 57. Kxd5 Kxh4 58. b7 Kg3 59. b8=Q h5 60.
Qxd6 h4 61. Qh6 h3 62. Ke5 h2 63. Qxh2+ 1-0

[Event "Albena BUL, Team Ch 2011 GrA Women"]
[Site "Albena BUL"]
[Date "2011.06.04"]
[Round "3.2"]
[White "Tsvetkova, Svetlana"]
[Black "Raeva, Elitsa"]
[Result "0-1"]
[WhiteElo "1860"]
[BlackElo "2322"]
[PlyCount "80"]
[EventDate "2011.06.02"]
[EventType "team"]
[EventRounds "7"]
[EventCountry "BUL"]

1. e4 c5 2. Nf3 d6 3. d4 cxd4 4. Nxd4 Nf6 5. Nc3 a6 6. Be2 e5 7. Nb3 Be7 8. O-O
O-O 9. a4 Be6 10. Re1 Nc6 11. Bf3 Nb4 12. Nd2 Rc8 13. Nf1 Ne8 14. Ne3 Bg5 15.
Nf1 Nc6 16. Ne2 f5 17. exf5 Bxf5 18. Nfg3 Bg6 19. c3 Bxc1 20. Rxc1 Qb6 21. Qd2
Rd8 22. Rcd1 Nf6 23. Nc1 d5 24. Na2 e4 25. Be2 Qb3 26. Ra1 Qb6 27. h3 Kh8 28.
b4 d4 29. a5 Qc7 30. cxd4 Nxd4 31. Qb2 e3 32. Nf1 exf2+ 33. Kxf2 Ng4+ 34. Kg1
Rxf1+ 35. Kxf1 Rf8+ 36. Bf3 Bd3+ 37. Re2 Bxe2+ 38. Ke1 Qg3+ 39. Kd2 Qf2 40. Qc3
Bxf3+ 0-1

[Event "Albena BUL, Team Ch 2011 GrA Women"]
[Site "Albena BUL"]
[Date "2011.06.04"]
[Round "3.2"]
[White "Djingarova, Emilia"]
[Black "Petkova, Veneta"]
[Result "1-0"]
[WhiteElo "2348"]
[BlackElo "1985"]
[PlyCount "69"]
[EventDate "2011.06.02"]
[EventType "team"]
[EventRounds "7"]
[EventCountry "BUL"]

1. Nf3 Nf6 2. c4 c6 3. g3 d5 4. Bg2 e6 5. O-O Bd6 6. b3 O-O 7. Bb2 Nbd7 8. d4
Re8 9. Ne5 Bxe5 10. dxe5 Ng4 11. e4 Ngxe5 12. exd5 exd5 13. cxd5 cxd5 14. Qxd5
Qe7 15. Nd2 Nf6 16. Qd4 Nc6 17. Qf4 Nh5 18. Qf3 Qe2 19. Qc3 Nf6 20. Ne4 Rxe4
21. Rae1 Qxe1 22. Rxe1 Rxe1+ 23. Qxe1 Be6 24. h3 Re8 25. Qc3 Rd8 26. Kh2 Bd5
27. b4 Bxg2 28. Kxg2 a6 29. a4 Rc8 30. Qc5 Nd7 31. Qg5 g6 32. b5 axb5 33. axb5
Nd8 34. Qe7 Nb6 35. Qe8# 1-0

[Event "Albena BUL, Team Ch 2011 GrA Women"]
[Site "Albena BUL"]
[Date "2011.06.04"]
[Round "3.2"]
[White "Shtereva, Slaveja"]
[Black "Velcheva, Maria"]
[Result "1-0"]
[WhiteElo "2095"]
[BlackElo "2289"]
[PlyCount "75"]
[EventDate "2011.06.02"]
[EventType "team"]
[EventRounds "7"]
[EventCountry "BUL"]

1. c4 c5 2. Nc3 Nc6 3. g3 g6 4. Bg2 Bg7 5. d3 d6 6. e4 a6 7. Nge2 Rb8 8. a4 Bg4
9. f3 Bd7 10. Be3 Nd4 11. O-O e6 12. f4 Ne7 13. Bf2 Nec6 14. Nxd4 Nxd4 15. Ne2
b5 16. Nxd4 cxd4 17. cxb5 axb5 18. a5 e5 19. f5 O-O 20. Be1 b4 21. Bd2 Rb5 22.
a6 Bc6 23. Qb3 Qd7 24. fxg6 hxg6 25. Rfc1 Ra8 26. Bh3 Qxh3 27. Rxc6 Bh6 28. Qd1
Bxd2 29. Qxd2 Qd7 30. Qc2 d5 31. Rc7 Qd8 32. Qc6 dxe4 33. Rd7 Qc8 34. Qxb5 exd3
35. Qd5 Qe8 36. a7 e4 37. Qxd4 e3 38. Qxd3 1-0

[Event "Albena BUL, Team Ch 2011 GrA Women"]
[Site "Albena BUL"]
[Date "2011.06.04"]
[Round "3.2"]
[White "Olarasu, Gabriela"]
[Black "Andreeva, Plamena"]
[Result "1-0"]
[WhiteElo "2266"]
[BlackElo "2093"]
[PlyCount "81"]
[EventDate "2011.06.02"]
[EventType "team"]
[EventRounds "7"]
[EventCountry "BUL"]

1. d4 Nf6 2. c4 d6 3. Nc3 e5 4. d5 Bf5 5. g3 Nbd7 6. Bg2 e4 7. Nb5 Be7 8. Nd4
Bg6 9. Nh3 h6 10. f3 O-O 11. f4 Re8 12. Nf2 Bf8 13. Be3 a5 14. O-O Nc5 15. b3
Nfd7 16. a3 Nb6 17. Rc1 Be7 18. b4 axb4 19. axb4 Ncd7 20. Qb3 Nf6 21. Ra1 h5
22. Bh3 Ng4 23. Rxa8 Qxa8 24. Nxg4 hxg4 25. Bxg4 Bf6 26. c5 Nc8 27. Nb5 Qb8 28.
Rc1 Ne7 29. cxd6 cxd6 30. Bb6 Nf5 31. Qa4 Qa8 32. Qxa8 Rxa8 33. Bxf5 Bxf5 34.
Nxd6 Bg4 35. Nxe4 Bb2 36. Rc2 Ra1+ 37. Kg2 Ba3 38. Nf2 Bd7 39. Rc7 Bb5 40. d6
Bc6+ 41. Rxc6 1-0

[Event "Albena BUL, Team Ch 2011 GrA Women"]
[Site "Albena BUL"]
[Date "2011.06.04"]
[Round "3.3"]
[White "Draganova, Petranka"]
[Black "Zaiatz, Elena"]
[Result "0-1"]
[WhiteElo "2007"]
[BlackElo "2430"]
[PlyCount "82"]
[EventDate "2011.06.02"]
[EventType "team"]
[EventRounds "7"]
[EventCountry "BUL"]

1. e4 e5 2. Bc4 Nf6 3. d3 c6 4. Bb3 Be7 5. Nf3 O-O 6. O-O d6 7. c3 Nbd7 8. Re1
Qc7 9. Nbd2 d5 10. Nf1 dxe4 11. dxe4 Nc5 12. Bc2 Rd8 13. Qe2 b6 14. b4 Ne6 15.
Ng5 a5 16. Nxe6 Bxe6 17. Bd2 axb4 18. cxb4 Rxa2 19. Rxa2 Bxa2 20. Ra1 Be6 21.
Bc3 b5 22. h3 c5 23. bxc5 Qxc5 24. Qe3 Nd7 25. Rd1 Rc8 26. Bd2 Nb6 27. Qxc5
Bxc5 28. Be3 Kf8 29. Rd8+ Rxd8 30. Bxc5+ Ke8 31. Bxb6 Rc8 32. Ne3 b4 33. Ba4+
Ke7 34. Nd5+ Bxd5 35. exd5 Kd6 36. Ba5 Rb8 37. Bb3 Rb5 38. Bd8 Rc5 39. Bg5 Rc3
40. Ba2 b3 41. Bd2 Rd3 0-1

[Event "Albena BUL, Team Ch 2011 GrA Women"]
[Site "Albena BUL"]
[Date "2011.06.04"]
[Round "3.3"]
[White "Krumova, Ani"]
[Black "Savova, Stefka"]
[Result "0-1"]
[WhiteElo "1961"]
[BlackElo "2091"]
[PlyCount "78"]
[EventDate "2011.06.02"]
[EventType "team"]
[EventRounds "7"]
[EventCountry "BUL"]

1. e4 c5 2. c3 e6 3. d4 a6 4. Nf3 Qc7 5. Bd3 b6 6. O-O Bb7 7. Be3 d6 8. Nbd2
Nd7 9. Rc1 Ngf6 10. h3 Be7 11. Qe2 b5 12. Bf4 e5 13. Bh2 g6 14. a4 c4 15. Bc2
O-O 16. Rfd1 Rfe8 17. Nf1 Bf8 18. dxe5 dxe5 19. Ne3 Nc5 20. Nd5 Bxd5 21. exd5
Bd6 22. Ng5 e4 23. Bxd6 Qxd6 24. f3 Nd3 25. Nxe4 Nxe4 26. fxe4 Nxc1 27. Rxc1
Qxd5 28. Qf2 Qe5 29. Rf1 Rf8 30. Qd4 Qg5 31. e5 Rad8 32. Qe4 Rfe8 33. Qf3 Re7
34. e6 f5 35. Rf2 Rxe6 36. axb5 axb5 37. Re2 Rxe2 38. Qxe2 Rd2 39. Qe6+ Kg7 0-1

[Event "Albena BUL, Team Ch 2011 GrA Women"]
[Site "Albena BUL"]
[Date "2011.06.04"]
[Round "3.3"]
[White "Galunova, Tsveta"]
[Black "Todorova, Kalina"]
[Result "1/2-1/2"]
[WhiteElo "1943"]
[BlackElo "1815"]
[PlyCount "80"]
[EventDate "2011.06.02"]
[EventType "team"]
[EventRounds "7"]
[EventCountry "BUL"]

1. e4 c5 2. Nf3 g6 3. d3 Bg7 4. g3 Nc6 5. Bg2 d6 6. O-O Nf6 7. Nbd2 O-O 8. c3
Nd7 9. Qe2 Nde5 10. Nc4 Nxc4 11. dxc4 Bd7 12. Bf4 Ne5 13. Rad1 Qc8 14. Nxe5
dxe5 15. Bg5 f6 16. Be3 Be6 17. Rd2 Qc6 18. Rfd1 Qa6 19. Bxc5 Bxc4 20. Qe3 Qxa2
21. Bxe7 Rfe8 22. Ba3 Be6 23. Bf1 Qb3 24. Be2 Qa4 25. Bc5 b6 26. Ba3 Bb3 27.
Ra1 Rad8 28. Bd1 Rxd2 29. Bxb3+ Qxb3 30. Qxd2 Qe6 31. Rd1 Bf8 32. Bxf8 Kxf8 33.
Qd7 Qxd7 34. Rxd7 Re7 35. Rd8+ Kf7 36. Kf1 Ke6 37. Ke2 f5 38. Ke3 Rd7 39. Re8+
Re7 40. Rd8 Rd7 1/2-1/2

[Event "Albena BUL, Team Ch 2011 GrA Women"]
[Site "Albena BUL"]
[Date "2011.06.04"]
[Round "3.4"]
[White "Voiska, Margarita"]
[Black "Baninska, Tanja"]
[Result "1-0"]
[WhiteElo "2300"]
[BlackElo "2096"]
[PlyCount "87"]
[EventDate "2011.06.02"]
[EventType "team"]
[EventRounds "7"]
[EventCountry "BUL"]

1. d4 g6 2. g3 Bg7 3. Bg2 c5 4. Nf3 Nf6 5. O-O cxd4 6. Nxd4 O-O 7. c4 Nc6 8.
Nc3 Nxd4 9. Qxd4 d6 10. Qd2 Rb8 11. b3 a6 12. Bb2 b5 13. cxb5 axb5 14. Nd5 Nxd5
15. Bxg7 Kxg7 16. Bxd5 Bb7 17. e4 e6 18. Bxb7 Rxb7 19. Rfd1 Rd7 20. Qb4 Qb8 21.
Rd4 Rfd8 22. Rad1 Qb7 23. Qc3 f6 24. Rb4 Qa6 25. a4 bxa4 26. Rxa4 Qb7 27. Rc4
Kf7 28. h4 Qb5 29. Rc6 d5 30. Rc5 Qe2 31. Re1 Qg4 32. exd5 Rxd5 33. Rc7+ R8d7
34. Qc6 Rxc7 35. Qxc7+ Kg8 36. Qc8+ Kf7 37. Kg2 Rd1 38. Qb7+ Kg8 39. Rxd1 Qxd1
40. b4 e5 41. b5 Qd3 42. b6 e4 43. Qb8+ Kg7 44. Qc7+ 1-0